000 01447nam a2200289 i 4500
001 16304
003 DO-SdUEMH
005 20260130165102.0
007 ta
008 211105s2000||||dr a|||gr|||| 0|| | spa d
020 _a9993400858
040 _aDO-SdUEMH
_bspa
_erda
041 _aspa
082 1 4 _aRD346.3667293 P227I 2000
_mRD
_bP227
084 _b08-00147
100 1 _aPAREDES MINAYA, ANGEL
_eaut
245 0 _aIntroducción al Estudio de las Compañías Comerciales /
_cMiguel Ángel Paredes Minaya
260 _c2000
264 1 _aSanto Domingo, República Dominicana :
_bRosario, S.A.,
_c2000
300 _a416 páginas :
_bilustraciones ;
_c23 cm.
336 _2rdacontent
_atexto
_btxt
337 _2rdamedia
_asin mediación
_bn
338 _2rdacarrier
_avolumen
_bnc
505 2 _aCómo iniciarse en los negocios -- la globalización -- Las sociedades -- Compañías comerciales -- Causas que determinan la desesperación de las sociedades colectivas -- Distribución de las utilidades colectivas -- Compañía en comandita simple y su administración -- Acciones y obligaciones -- compañía en comandita por acciones -- Compañía por acciones como constituirla -- Cálculo del impuesto a pagar al constituir una compañía por acciones -- Nulidad disolución y fiscalización de las campañas por acciones -- Estructura orgánica de las compañías por acciones -- Compañía extranjeras.
942 _2ddc
_cBK
_n0
999 _c16304
_d16304